[Event "II Open Internazionale"]
[Site "Lodi ITA"]
[Date "2006.06.05"]
[Round "1"]
[White "Lazic, Miroljub"]
[Black "Trumpf, Walter"]
[Result "1-0"]
[WhiteElo "2493"]
[BlackElo "2084"]
[PlyCount "55"]
[EventDate "2006.06.05"]

1. g3 g6 2. Bg2 Bg7 3. d4 Nf6 4. e4 O-O 5. Nc3 d6 6. Nge2 Nbd7 7. h3 e5 8. Be3
c5 9. dxe5 Nxe5 10. b3 Rb8 11. O-O a6 12. f4 Nc6 13. Qd2 Ne8 14. Rad1 Qa5 15.
g4 f5 16. exf5 gxf5 17. g5 Be6 18. h4 Rd8 19. Nd5 Qxd2 20. Rxd2 Rf7 21. Rfd1
Kf8 22. Kf2 Rdd7 23. Bf3 Ne7 24. Nb6 Rc7 25. Rxd6 Nxd6 26. Rxd6 Ng6 27. Rxe6
Nxh4 28. Bh5 1-0

[Event "II Open Internazionale"]
[Site "Lodi ITA"]
[Date "2006.06.05"]
[Round "1"]
[White "Marini, Jan"]
[Black "Izsak, Gyula"]
[Result "0-1"]
[WhiteElo "1955"]
[BlackElo "2434"]
[PlyCount "68"]
[EventDate "2006.06.05"]

1. Nf3 Nf6 2. d4 e6 3. c4 b6 4. g3 Bb7 5. Bg2 Bb4+ 6. Bd2 Be7 7. O-O c5 8. Na3
O-O 9. Bf4 cxd4 10. Be5 Nc6 11. Nxd4 Nxe5 12. Bxb7 Rb8 13. Bg2 Bxa3 14. bxa3
Nxc4 15. Qa4 d5 16. Rfe1 Qd6 17. Rac1 Qc5 18. Nb3 Qe7 19. Qb4 Qxb4 20. axb4
Rfc8 21. Nd4 e5 22. Nf5 Kf8 23. Red1 g6 24. Ne3 Nxe3 25. fxe3 Rc4 26. Rxc4 dxc4
27. a4 Rc8 28. b5 Rc5 29. e4 c3 30. Rc1 c2 31. h3 Nd7 32. e3 Rc3 33. Kf2 Nc5
34. Ke2 Nb3 0-1

[Event "II Open Internazionale"]
[Site "Lodi ITA"]
[Date "2006.06.05"]
[Round "1"]
[White "Martino, Antonio M."]
[Black "Tissir, Mohamed"]
[Result "0-1"]
[WhiteElo "2008"]
[BlackElo "2439"]
[PlyCount "68"]
[EventDate "2006.06.05"]

1. Nf3 Nf6 2. g3 g6 3. Bg2 Bg7 4. O-O O-O 5. c4 d6 6. Nc3 a6 7. d3 h6 8. h3 e5
9. e4 Nbd7 10. Be3 Re8 11. Rc1 Kh7 12. b4 c6 13. a4 Qe7 14. Nd2 Nh5 15. Kh2 Nf8
16. f4 exf4 17. gxf4 Ne6 18. Ne2 c5 19. bxc5 Nxc5 20. d4 Nxe4 21. Nxe4 f5 22.
N2c3 fxe4 23. f5 Qh4 24. fxg6+ Kxg6 25. Qe1 Qxe1 26. Rcxe1 Bf5 27. Rxf5 Kxf5
28. Nd5 Rac8 29. Nb6 Rc7 30. Bf1 Nf6 31. Be2 Kg6 32. Rg1+ Kh7 33. a5 Rf7 34.
Rf1 Ref8 0-1

[Event "II Open Internazionale"]
[Site "Lodi ITA"]
[Date "2006.06.05"]
[Round "1"]
[White "Miatello, Alberto"]
[Black "Abdulla, Al Rakib"]
[Result "0-1"]
[WhiteElo "2082"]
[BlackElo "2484"]
[PlyCount "110"]
[EventDate "2006.06.05"]

1. e4 e5 2. Nf3 Nc6 3. Be2 Nf6 4. d4 exd4 5. e5 Ne4 6. O-O Be7 7. Nxd4 O-O 8.
Nxc6 dxc6 9. Bd3 Nc5 10. Nc3 Nxd3 11. cxd3 Qd4 12. Re1 Bf5 13. Qb3 b5 14. Be3
Qxd3 15. Rad1 Qc2 16. Qxc2 Bxc2 17. Rd7 Bd8 18. g4 b4 19. Ne2 Be4 20. Bc5 Re8
21. f4 Bh4 22. Ng3 Bf3 23. g5 Rad8 24. Rxc7 Rd2 25. Bf2 Rxb2 26. Rxa7 Bd5 27.
Re2 Rb1+ 28. Re1 Rb2 29. Re2 Rxe2 30. Nxe2 Bxf2+ 31. Kxf2 g6 32. Nc1 Rb8 33.
Nb3 Rb5 34. Rc7 Bxb3 35. axb3 Rc5 36. Ke3 Rc3+ 37. Kd4 Rxb3 38. Rxc6 Rf3 39.
Ke4 Rh3 40. Rc2 b3 41. Rb2 Kf8 42. Kd5 Ke7 43. Kc4 Ke6 44. Kd4 Kf5 45. Rf2 Rh4
46. Ke3 Rh5 47. Kd4 Rh3 48. Kd5 Rd3+ 49. Kc4 Ke4 50. Re2+ Re3 51. Rf2 Rf3 52.
Re2+ Kxf4 53. e6 fxe6 54. Rxe6 Kxg5 55. Re5+ Kg4 0-1

[Event "II Open Internazionale"]
[Site "Lodi ITA"]
[Date "2006.06.05"]
[Round "1"]
[White "Onkoud, Abdelaziz"]
[Black "Bettini, Massimo"]
[Result "1-0"]
[WhiteElo "2420"]
[BlackElo "1915"]
[PlyCount "57"]
[EventDate "2006.06.05"]

1. e4 e5 2. Nf3 Nc6 3. Bb5 f5 4. d3 fxe4 5. dxe4 Nf6 6. O-O Bc5 7. Bg5 d6 8.
Nc3 a6 9. Ba4 Bg4 10. h3 Bh5 11. Nd5 h6 12. Nxf6+ gxf6 13. Be3 Bb6 14. Bxb6
cxb6 15. Qd3 Bxf3 16. Qxf3 Qe7 17. c3 O-O-O 18. Qe3 b5 19. Bb3 Na5 20. Bd5 Kb8
21. a4 Nc4 22. Qe2 Rc8 23. axb5 axb5 24. Ra2 Qd7 25. Rfa1 Nb6 26. Qe3 Rc5 27.
b4 Nxd5 28. exd5 Rcc8 29. Qb6 1-0

[Event "II Open Internazionale"]
[Site "Lodi ITA"]
[Date "2006.06.05"]
[Round "1"]
[White "Soppe, Guillermo G."]
[Black "Villalba, Fernando"]
[Result "1-0"]
[WhiteElo "2409"]
[BlackElo "1892"]
[PlyCount "35"]
[EventDate "2006.06.05"]

1. f4 d5 2. Nf3 Nc6 3. e3 Nf6 4. b3 Bf5 5. Bb2 e6 6. Bb5 Bd6 7. Nd4 Qd7 8. Nxf5
exf5 9. Bxf6 gxf6 10. Nc3 Bc5 11. Qf3 O-O-O 12. Ne2 a6 13. Bxc6 Qxc6 14. O-O h5
15. c3 Qe6 16. Rae1 h4 17. Nd4 Qd7 18. Qh3 1-0

[Event "II Open Internazionale"]
[Site "Lodi ITA"]
[Date "2006.06.05"]
[Round "1"]
[White "Steingrimsson, Hedinn"]
[Black "Giannetta, Paolo"]
[Result "1-0"]
[WhiteElo "2447"]
[BlackElo "2035"]
[PlyCount "41"]
[EventDate "2006.06.05"]

1. c4 f5 2. Nf3 Nf6 3. g3 g6 4. Bg2 Bg7 5. O-O O-O 6. Nc3 d6 7. d4 c6 8. Rb1
Ne4 9. Qb3 Qb6 10. Qc2 e5 11. dxe5 dxe5 12. Nxe4 fxe4 13. Ng5 Na6 14. Be3 Qc7
15. b4 h6 16. Nxe4 Bf5 17. Qa4 Rad8 18. b5 Bxe4 19. Bxe4 cxb5 20. cxb5 Nb8 21.
b6 1-0

[Event "II Open Internazionale"]
[Site "Lodi ITA"]
[Date "2006.06.05"]
[Round "1"]
[White "Vajda, Levente"]
[Black "Bonade', Massimo"]
[Result "1-0"]
[WhiteElo "2511"]
[BlackElo "2104"]
[PlyCount "45"]
[EventDate "2006.06.05"]

1. e4 c5 2. c3 d5 3. exd5 Qxd5 4. d4 Nf6 5. Nf3 e6 6. Be3 cxd4 7. cxd4 Nc6 8.
Nc3 Bb4 9. Bd3 O-O 10. O-O Qd8 11. Qe2 b6 12. Rad1 Bb7 13. Bg5 Be7 14. a3 Rc8
15. Rfe1 Qc7 16. Bb1 Rfd8 17. d5 exd5 18. Bxf6 Bxf6 19. Nxd5 Qb8 20. Nxf6+ gxf6
21. Qe4 Ne5 22. Qxh7+ Kf8 23. Nxe5 1-0

[Event "II Open Internazionale"]
[Site "Lodi ITA"]
[Date "2006.06.05"]
[Round "1"]
[White "Vezzosi, Paolo"]
[Black "Stips, Felix"]
[Result "1-0"]
[WhiteElo "2362"]
[BlackElo "1818"]
[PlyCount "87"]
[EventDate "2006.06.05"]

1. Nf3 Nf6 2. c4 g6 3. Nc3 Bg7 4. e4 d6 5. d4 O-O 6. Be2 e5 7. Be3 Nc6 8. d5
Ne7 9. Nd2 Nd7 10. f3 f5 11. O-O f4 12. Bf2 g5 13. b4 h5 14. c5 Nf6 15. cxd6
cxd6 16. Rc1 Ng6 17. Nb5 a6 18. Nc7 Rb8 19. Ba7 Bd7 20. Bxb8 Qxb8 21. Qb3 g4
22. Ne6 gxf3 23. gxf3 Rf7 24. Kh1 Nf8 25. b5 axb5 26. Bxb5 Re7 27. Bxd7 N6xd7
28. Rg1 Nxe6 29. dxe6 Nc5 30. Qb6 Nxe6 31. Nc4 Nd4 32. Nxd6 Re6 33. Rc8+ Qxc8
34. Nxc8 Rxb6 35. Nxb6 Nxf3 36. Rg2 Kf8 37. a4 h4 38. Rc2 Ng5 39. Rc8+ Kf7 40.
Rc7+ Kg6 41. Rxb7 Nxe4 42. a5 f3 43. Nc4 Nc5 44. Rb5 1-0

[Event "II Open Internazionale"]
[Site "Lodi ITA"]
[Date "2006.06.06"]
[Round "2"]
[White "Bettini, Massimo"]
[Black "Gilardone, Adriano"]
[Result "0-1"]
[WhiteElo "1915"]
[BlackElo "2145"]
[PlyCount "114"]
[EventDate "2006.06.05"]

1. e4 e6 2. d4 d5 3. Nc3 dxe4 4. Nxe4 Nd7 5. Nf3 Ngf6 6. Nxf6+ Nxf6 7. Bd3 Be7
8. Bg5 b6 9. Ne5 Bb7 10. Bb5+ Kf8 11. Nf3 h6 12. Be3 Qd6 13. Qe2 Nd5 14. O-O g6
15. Ne5 Kg7 16. c4 Nf6 17. Rad1 c6 18. c5 Qc7 19. Bd3 Rad8 20. b4 Nd7 21. Bf4
Bg5 22. Bg3 Qc8 23. Nxg6 fxg6 24. Qxe6 Nf6 25. Qe7+ Kg8 26. Bxg6 Qd7 27. Qe2
Nd5 28. Be5 Qe6 29. Qd3 Nf4 30. Bxf4 Bxf4 31. Rde1 Qf6 32. Qc4+ Kg7 33. Re6
Rxd4 34. Qb3 Kxg6 35. Rxf6+ Kxf6 36. Qc3 Rhd8 37. a3 Kf7 38. Qf3 Ke7 39. Re1+
Kd7 40. g3 Bd2 41. Qf5+ Kc7 42. Re7+ R4d7 43. Qe5+ Kc8 44. f4 Ba6 45. Qe6 Bb5
46. Rxd7 Rxd7 47. Qxh6 bxc5 48. Qf8+ Kb7 49. Qxc5 a5 50. bxa5 Bxa5 51. a4 Bb6
52. Qxb6+ Kxb6 53. axb5 cxb5 54. f5 b4 55. g4 b3 56. f6 b2 57. g5 Rd2 0-1

[Event "II Open Internazionale"]
[Site "Lodi ITA"]
[Date "2006.06.06"]
[Round "2"]
[White "Caoili, Arianne"]
[Black "Richards, Deborah"]
[Result "1-0"]
[WhiteElo "2169"]
[BlackElo "1922"]
[PlyCount "51"]
[EventDate "2006.06.05"]

1. d4 d5 2. Nf3 Nf6 3. c4 c6 4. Nc3 a6 5. c5 Bf5 6. Bf4 Nbd7 7. e3 e6 8. Be2
Be7 9. Nd2 b5 10. cxb6 Qxb6 11. Na4 Qa5 12. a3 O-O 13. b4 Qd8 14. Nb3 Ne4 15.
Na5 Nb8 16. Bxb8 Qxb8 17. Nxc6 Qc7 18. Nxe7+ Qxe7 19. O-O Rfb8 20. Nc5 Nc3 21.
Qd2 Nxe2+ 22. Qxe2 a5 23. b5 a4 24. Rfc1 Qe8 25. Na6 Qxb5 26. Rc8+ 1-0

[Event "II Open Internazionale"]
[Site "Lodi ITA"]
[Date "2006.06.06"]
[Round "2"]
[White "Drazic, Sinisa"]
[Black "Vezzosi, Paolo"]
[Result "1/2-1/2"]
[WhiteElo "2497"]
[BlackElo "2362"]
[PlyCount "95"]
[EventDate "2006.06.05"]

1. e4 c5 2. Nf3 Nc6 3. d4 cxd4 4. Nxd4 Nf6 5. Nc3 e5 6. Ndb5 d6 7. a4 a6 8. Na3
Be6 9. Nc4 Rc8 10. Ne3 Nb4 11. Be2 Be7 12. O-O O-O 13. Ncd5 Nbxd5 14. exd5 Bd7
15. a5 Ne8 16. Nc4 Bf5 17. Ra3 Bg5 18. Be3 Bxe3 19. Rxe3 g5 20. b4 Rc7 21. Qd2
Bg6 22. g3 Nf6 23. f3 Nh5 24. Rc3 f5 25. Nb6 f4 26. Kg2 Nf6 27. Rxc7 Qxc7 28.
c4 e4 29. fxe4 Bxe4+ 30. Kg1 Qg7 31. Qc3 Re8 32. c5 dxc5 33. bxc5 Nxd5 34. Qc4
Qe5 35. Bf3 Bxf3 36. Rxf3 Rd8 37. gxf4 gxf4 38. Nxd5 Rxd5 39. Rxf4 Kh8 40. Rf8+
Kg7 41. Rf1 Qd4+ 42. Qxd4+ Rxd4 43. Rb1 Rd7 44. Rb6 Rc7 45. c6 bxc6 46. Kf2 Kf6
47. Ke3 Ke5 48. Rxa6 1/2-1/2

[Event "II Open Internazionale"]
[Site "Lodi ITA"]
[Date "2006.06.06"]
[Round "2"]
[White "Giretti Kanev, Jasen"]
[Black "Efimov, Igor"]
[Result "0-1"]
[WhiteElo "2220"]
[BlackElo "2437"]
[PlyCount "80"]
[EventDate "2006.06.05"]

1. e4 c5 2. Nf3 Nc6 3. d3 d5 4. Nbd2 Nf6 5. Be2 g6 6. O-O Bg7 7. Re1 O-O 8. c3
e5 9. Qc2 b6 10. a3 a5 11. a4 h6 12. Nf1 Be6 13. Ne3 Rc8 14. Bf1 Nd4 15. cxd4
cxd4 16. Nc4 dxc4 17. Nxe5 cxd3 18. Qxd3 Nd7 19. Nxd7 Qxd7 20. Qg3 Bc4 21. Bd3
Rfe8 22. Bd2 Be5 23. f4 Bd6 24. b3 Bxd3 25. Qxd3 Bb4 26. Rad1 Red8 27. e5 Qe6
28. Re4 Bc3 29. Qb1 d3 30. Be3 d2 31. Kf2 Qf5 32. Bxb6 Rd5 33. Rc4 Qe6 34. Qe4
Qxb6+ 35. Kg3 Rxc4 36. Qxc4 Qe3+ 37. Kg4 Rd4 38. Qc8+ Kg7 39. g3 Qe2+ 40. Kh3
Qxd1 0-1

[Event "II Open Internazionale"]
[Site "Lodi ITA"]
[Date "2006.06.06"]
[Round "2"]
[White "Hossain, Enamul"]
[Black "Rombaldoni, Denis"]
[Result "1/2-1/2"]
[WhiteElo "2460"]
[BlackElo "2322"]
[PlyCount "89"]
[EventDate "2006.06.05"]

1. e4 c6 2. d4 d5 3. Nc3 dxe4 4. Nxe4 Nf6 5. Nxf6+ exf6 6. c3 Bd6 7. Bd3 Be6 8.
Ne2 Qc7 9. Ng3 Nd7 10. Nf5 Bxf5 11. Bxf5 O-O-O 12. Qf3 Kb8 13. Bxd7 Qxd7 14.
O-O h5 15. h3 Ka8 16. Re1 Bb8 17. Re4 Rhe8 18. Rxe8 Rxe8 19. Bd2 Qe6 20. Qxh5
g6 21. Qf3 a6 22. b3 Qd6 23. g3 Qa3 24. c4 f5 25. Bc3 Qd6 26. Rd1 Qa3 27. c5
Qxa2 28. d5 cxd5 29. Qxd5 Qc2 30. Qd3 Qxd3 31. Rxd3 f4 32. gxf4 Bxf4 33. Rd7
Be5 34. Ba5 f6 35. Kg2 Rh8 36. Rf7 g5 37. Bb6 Kb8 38. b4 Kc8 39. Ba5 Rh4 40.
Re7 Rc4 41. Rh7 Rc2 42. Kf3 Rc4 43. Ke3 Rf4 44. f3 Rc4 45. Ke2 1/2-1/2

[Event "II Open Internazionale"]
[Site "Lodi ITA"]
[Date "2006.06.06"]
[Round "2"]
[White "Izsak, Gyula"]
[Black "Buccoliero, Alessandro"]
[Result "1-0"]
[WhiteElo "2434"]
[BlackElo "2205"]
[PlyCount "147"]
[EventDate "2006.06.05"]

1. d4 d5 2. Nf3 c6 3. Bf4 Nf6 4. e3 Qb6 5. Qc1 Bf5 6. Nbd2 e6 7. h3 Be7 8. c4
O-O 9. c5 Qd8 10. b4 a6 11. Be2 Nbd7 12. O-O Ne4 13. Nxe4 Bxe4 14. Ne5 Nxe5 15.
Bxe5 Bf6 16. Bd6 Be7 17. Bh2 Bh4 18. Qd2 Qd7 19. a4 Rfc8 20. b5 Bd8 21. Qb2 Bc7
22. Bxc7 Qxc7 23. Ra3 axb5 24. axb5 Rxa3 25. Qxa3 cxb5 26. Bxb5 f6 27. Ra1 Bg6
28. Qa4 Kf8 29. Qb4 Be8 30. Bxe8 Rxe8 31. Ra7 Re7 32. Qb3 Qc6 33. Ra8+ Re8 34.
Ra4 Re7 35. Rb4 Kf7 36. Rb6 Qd7 37. Qb1 f5 38. Qd1 g6 39. Qa1 Qc7 40. Qa8 Kg7
41. Rd6 g5 42. Rd8 Kg6 43. Rc8 Qd7 44. Qb8 Rf7 45. Rd8 Qc7 46. Rg8+ Kf6 47. Qa8
Rg7 48. Rc8 Qd7 49. Rd8 Qe7 50. Qc8 Rf7 51. Rd6 Rg7 52. g4 fxg4 53. hxg4 Rf7
54. Kg2 Rf8 55. Rxe6+ Qxe6 56. Qxf8+ Kg6 57. Kg3 h5 58. gxh5+ Kxh5 59. Qh8+ Kg6
60. Qe5 Qf7 61. f3 Qd7 62. Kf2 Qh3 63. Qe8+ Kf6 64. Qd8+ Kg6 65. Qd6+ Kg7 66.
Qxd5 Qh2+ 67. Kf1 Qh1+ 68. Ke2 Qg2+ 69. Kd3 Qf1+ 70. Ke4 Qb1+ 71. Ke5 Qe1 72.
Kf5 Qb1+ 73. Qe4 Qb5 74. Qe7+ 1-0

[Event "II Open Internazionale"]
[Site "Lodi ITA"]
[Date "2006.06.06"]
[Round "2"]
[White "Peredy, Ferenc"]
[Black "Lazic, Miroljub"]
[Result "1/2-1/2"]
[WhiteElo "2343"]
[BlackElo "2493"]
[PlyCount "21"]
[EventDate "2006.06.05"]

1. d4 d6 2. Nf3 Bg4 3. h3 Bxf3 4. exf3 c6 5. c3 d5 6. Bd3 e6 7. O-O Bd6 8. Re1
Ne7 9. f4 O-O 10. Qf3 Nd7 11. Nd2 1/2-1/2

[Event "II Open Internazionale"]
[Site "Lodi ITA"]
[Date "2006.06.06"]
[Round "2"]
[White "Porter, Russel"]
[Black "Wohl, Aleksandar H."]
[Result "0-1"]
[WhiteElo "2201"]
[BlackElo "2432"]
[PlyCount "126"]
[EventDate "2006.06.05"]

1. c4 b6 2. Nc3 Bb7 3. e4 e5 4. Nf3 Nc6 5. g3 g6 6. Bg2 Bg7 7. O-O Nge7 8. d3
O-O 9. Rb1 h6 10. b4 d6 11. a4 a5 12. b5 Nb8 13. d4 exd4 14. Nxd4 Nd7 15. Bb2
Kh7 16. f4 Nc5 17. Nd5 Nxd5 18. cxd5 Qe7 19. Re1 Rae8 20. Qc2 Qd7 21. Rbd1 Re7
22. Nc6 Bxc6 23. bxc6 Qe8 24. Bxg7 Kxg7 25. Re2 f6 26. Rde1 Qf7 27. Qd1 Rfe8
28. Qd4 Kh7 29. Re3 Qg7 30. Bf3 g5 31. Kh1 Rg8 32. R3e2 h5 33. Rg2 Qh6 34. f5
Rge8 35. Rge2 g4 36. Bg2 h4 37. Kg1 Kg7 38. Re3 Rh8 39. Qd1 Kf8 40. Qd4 hxg3
41. hxg3 Reh7 42. Kf2 Qg7 43. Rg1 Qe7 44. Qd1 Qe5 45. Rge1 Ke7 46. Qa1 Kd8 47.
Qxe5 dxe5 48. Ra1 Ke7 49. Rc3 Kd6 50. Rc4 Ra8 51. Kg1 Rhh8 52. Bf1 Nb3 53. Rd1
Rhb8 54. Rd3 Nd4 55. Rdxd4 exd4 56. Rxd4 Ke5 57. Rc4 b5 58. axb5 Rxb5 59. d6
cxd6 60. c7 Rc5 61. Rxc5+ dxc5 62. Ba6 c4 63. Kf2 a4 0-1

[Event "II Open Internazionale"]
[Site "Lodi ITA"]
[Date "2006.06.06"]
[Round "2"]
[White "Rrhioua, Tarik"]
[Black "Castellanos Rodriguez, Renier"]
[Result "1/2-1/2"]
[WhiteElo "2330"]
[BlackElo "2467"]
[PlyCount "117"]
[EventDate "2006.06.05"]

1. Nf3 Nf6 2. g3 b6 3. Bg2 Bb7 4. O-O e6 5. d3 c5 6. e4 d6 7. Nc3 Be7 8. h3 Nc6
9. Nh2 a6 10. f4 b5 11. e5 dxe5 12. fxe5 Qd4+ 13. Kh1 Qxe5 14. Bf4 Qd4 15. g4
h6 16. Qe1 Qd7 17. Qf2 O-O 18. g5 hxg5 19. Bxg5 Nd4 20. Rg1 Ne8 21. Ne4 f5 22.
Bxe7 Qxe7 23. Nxc5 Qxc5 24. Bxb7 Rb8 25. Bg2 Qd6 26. c3 Nc6 27. d4 b4 28. d5
exd5 29. Rad1 Ne7 30. c4 Nf6 31. cxd5 b3 32. a3 Rbc8 33. Qe3 Rc2 34. Rd2 Rxd2
35. Qxd2 Nexd5 36. Rd1 Rd8 37. Qd3 Qe5 38. Qxb3 Kh7 39. Qd3 g6 40. Qxa6 Ne4 41.
Nf3 Qxb2 42. Nh4 Rd6 43. Qa7+ Kh6 44. Bxe4 fxe4 45. Qa8 Qf6 46. Rxd5 Qa1+ 47.
Kh2 Qa2+ 48. Ng2 Rxd5 49. Qf8+ Kh7 50. Qf7+ Kh8 51. Qxg6 Qc4 52. Qe8+ Kh7 53.
Qe7+ Kh8 54. a4 Qd4 55. Qf8+ Kh7 56. Qf7+ Kh8 57. Qf8+ Kh7 58. Qf7+ Kh8 59.
Qf8+ 1/2-1/2

[Event "II Open Internazionale"]
[Site "Lodi ITA"]
[Date "2006.06.06"]
[Round "2"]
[White "Salvador, Roland"]
[Black "Vajda, Levente"]
[Result "0-1"]
[WhiteElo "2396"]
[BlackElo "2511"]
[PlyCount "58"]
[EventDate "2006.06.05"]

1. d4 Nf6 2. Nf3 g6 3. Nc3 d5 4. Bf4 c6 5. e3 Bg7 6. Be2 O-O 7. h4 Nbd7 8. Ne5
h6 9. h5 g5 10. Bxg5 hxg5 11. h6 Bh8 12. h7+ Kg7 13. Bd3 Nxe5 14. dxe5 Ng4 15.
Rh5 f6 16. exf6+ exf6 17. Ne2 Qe8 18. Ng3 Nxe3 19. fxe3 Qxe3+ 20. Ne2 Bg4 21.
Rh1 c5 22. Qc1 Qe5 23. c4 Rfe8 24. Qc2 b5 25. O-O-O bxc4 26. Bg6 Qxe2 27. Rd2
Qe1+ 28. Rd1 Bxd1 29. Rxe1 Bxc2 0-1

[Event "II Open Internazionale"]
[Site "Lodi ITA"]
[Date "2006.06.06"]
[Round "2"]
[White "Schmitz, Andreas Arnold"]
[Black "Arboscelli, Gregorio"]
[Result "1/2-1/2"]
[WhiteElo "2124"]
[BlackElo "1894"]
[PlyCount "83"]
[EventDate "2006.06.05"]

1. e4 e5 2. Nf3 Nc6 3. Bc4 Be7 4. Nc3 Nf6 5. d3 h6 6. Nd5 d6 7. Nxe7 Qxe7 8.
Be3 Be6 9. Bxe6 Qxe6 10. Qd2 Ng4 11. O-O Nxe3 12. Qxe3 O-O 13. d4 Nxd4 14. Nxd4
exd4 15. Qxd4 Qe5 16. Qb4 b6 17. f4 Qf6 18. Rf3 a5 19. Qc3 Qxc3 20. Rxc3 Rac8
21. Rd1 Rfe8 22. Rd4 Re7 23. Rxd6 Rce8 24. Rd4 Rxe4 25. Rxe4 Rxe4 26. Rxc7 Rxf4
27. c4 Rd4 28. c5 bxc5 29. Rc8+ Kh7 30. Rxc5 Rd1+ 31. Kf2 Rd2+ 32. Kf3 Rxb2 33.
Rxa5 f5 34. h4 Kg6 35. g3 Rb4 36. Ra7 Rb2 37. a3 Rc2 38. Ra4 Ra2 39. Ra7 Kh5
40. Ra5 g5 41. hxg5 hxg5 42. Rxf5 1/2-1/2

[Event "II Open Internazionale"]
[Site "Lodi ITA"]
[Date "2006.06.06"]
[Round "2"]
[White "Spielmann, Alain"]
[Black "Steingrimsson, Hedinn"]
[Result "0-1"]
[WhiteElo "2250"]
[BlackElo "2447"]
[PlyCount "58"]
[EventDate "2006.06.05"]

1. Nf3 d5 2. d4 Nf6 3. c4 dxc4 4. e3 e6 5. Bxc4 c5 6. O-O a6 7. a4 Nc6 8. Qe2
Qc7 9. Nc3 Bd6 10. Bd2 O-O 11. Rac1 Bd7 12. h3 h6 13. Rfd1 Rad8 14. dxc5 Bxc5
15. e4 Bd6 16. Ba2 Qb8 17. Bb1 Ne5 18. Nxe5 Bxe5 19. a5 Bc6 20. Be3 Rxd1+ 21.
Rxd1 Rc8 22. Bb6 Nd7 23. Be3 Qc7 24. Qd2 Qxa5 25. f4 Bxc3 26. bxc3 Nf6 27. e5
Ne4 28. Qd4 Nxc3 29. Bd2 Qd5 0-1

[Event "II Open Internazionale"]
[Site "Lodi ITA"]
[Date "2006.06.06"]
[Round "2"]
[White "Varga, Zoltan"]
[Black "Contin, Daniel"]
[Result "1/2-1/2"]
[WhiteElo "2515"]
[BlackElo "2396"]
[PlyCount "72"]
[EventDate "2006.06.05"]

1. e4 e6 2. d4 d5 3. exd5 exd5 4. Nf3 Nc6 5. Bb5 Bd6 6. c4 dxc4 7. d5 a6 8. Ba4
b5 9. dxc6 bxa4 10. O-O Ne7 11. Qxa4 O-O 12. Nbd2 Rb8 13. a3 Rb5 14. Nxc4 Nxc6
15. Be3 Qf6 16. Nxd6 cxd6 17. Rac1 Bb7 18. Rfd1 Ne5 19. Nxe5 dxe5 20. Qc2 h5
21. Qe2 Qg6 22. f3 Rb3 23. Rd2 Kh7 24. h4 Re8 25. Kh2 e4 26. f4 Rd3 27. Rc3 f5
28. Rc7 Ba8 29. Rd7 Bc6 30. Rd4 Bb5 31. Qf2 Qg4 32. R2xd3 exd3 33. a4 Qe2 34.
Qxe2 dxe2 35. Bf2 Bc6 36. Be1 Re4 1/2-1/2

[Event "II Open Internazionale"]
[Site "Lodi ITA"]
[Date "2006.06.06"]
[Round "3"]
[White "Astengo, Marcello"]
[Black "Salvador, Roland"]
[Result "0-1"]
[WhiteElo "2096"]
[BlackElo "2396"]
[PlyCount "92"]
[EventDate "2006.06.05"]

1. d4 d5 2. c4 dxc4 3. e3 a6 4. Bxc4 Nf6 5. Nf3 e6 6. O-O c5 7. a4 Nc6 8. Nc3
Qc7 9. Qe2 Bd6 10. Bd2 b6 11. Rac1 O-O 12. Rfd1 Bb7 13. Na2 Rfd8 14. b4 cxb4
15. e4 Nxd4 16. Nxd4 Bxh2+ 17. Kh1 Rxd4 18. Bd5 exd5 19. Rxc7 Bxc7 20. e5 Re4
21. Qd3 Ng4 22. Qg3 Nxe5 23. f3 Rc4 24. Bf4 f6 25. Nc1 g5 26. Nd3 Rxf4 27. Nxf4
Ng6 28. Qg4 Bc8 29. Ne6 Nf4 30. Re1 Nxe6 31. Qf5 Be5 32. Rxe5 fxe5 33. Qxe5 d4
34. Qd6 Kf7 35. Qxb4 b5 36. a5 Ra7 37. Qb1 Kf6 38. Qe4 Rd7 39. Qd3 Nf4 40. Qc2
Bb7 41. Kg1 d3 42. Qd2 b4 43. Kf1 Kf7 44. Ke1 Nxg2+ 45. Qxg2 d2+ 46. Kd1 Bc6
0-1

[Event "II Open Internazionale"]
[Site "Lodi ITA"]
[Date "2006.06.06"]
[Round "3"]
[White "Borda, Alan"]
[Black "Mrdja, Milan"]
[Result "0-1"]
[WhiteElo "2105"]
[BlackElo "2409"]
[PlyCount "160"]
[EventDate "2006.06.05"]

1. e4 g6 2. d4 Bg7 3. c3 d6 4. Nf3 Nf6 5. Bd3 O-O 6. Bg5 c5 7. O-O cxd4 8. cxd4
Bg4 9. Be3 Nc6 10. Nc3 Nd7 11. Be2 a6 12. Rc1 Qa5 13. a3 Rfc8 14. h3 Bxf3 15.
Bxf3 Qd8 16. Qd3 e5 17. d5 Nd4 18. b4 Nxf3+ 19. gxf3 Qh4 20. Kh2 Bh6 21. Ne2
Bxe3 22. Qxe3 Qd8 23. Rxc8 Rxc8 24. Rc1 Rxc1 25. Qxc1 Kg7 26. Ng3 h6 27. Qc3
Nf6 28. Kg2 Qd7 29. Qc1 Nh7 30. Ne2 Ng5 31. Ng1 Qd8 32. Qc3 Kg8 33. Qc1 Kg7 34.
Qc3 Qd7 35. Qc1 Nh7 36. Ne2 Ng5 37. Ng1 f5 38. Qc2 fxe4 39. fxe4 h5 40. f3 Nh7
41. Qc4 Nf6 42. Ne2 h4 43. Qc1 Qe7 44. Qc8 Nh5 45. Kf2 Kh6 46. Qh8+ Kg5 47. Qc8
Nf6 48. Qc1+ Kh5 49. Kg2 Qd8 50. Qc3 Kh6 51. Qc1+ g5 52. Qc4 Nh5 53. Qc1 Qd7
54. Kh2 Qb5 55. Qc2 Kg6 56. Kg2 Kf6 57. Kh2 Qd7 58. Qc1 Qd8 59. Qc3 Ke7 60. Qc1
Kd7 61. a4 Qf6 62. Kg2 Qd8 63. a5 Ke8 64. Kf2 Kf7 65. Kg2 Kg6 66. Qc2 Qd7 67.
Qc4 Kh6 68. Qc3 Kg6 69. Qc4 Nf6 70. Nc1 Nh5 71. Ne2 Kh6 72. Qc3 Qd8 73. Kh2 Nf4
74. Nxf4 gxf4 75. Qc2 Qg5 76. Qg2 Qg3+ 77. Kg1 Qe1+ 78. Kh2 Qxb4 79. Qg4 Qd2+
80. Kh1 Qe1+ 0-1

[Event "II Open Internazionale"]
[Site "Lodi ITA"]
[Date "2006.06.06"]
[Round "3"]
[White "Brunello, Sabino"]
[Black "Hossain, Enamul"]
[Result "0-1"]
[WhiteElo "2339"]
[BlackElo "2460"]
[PlyCount "70"]
[EventDate "2006.06.05"]

1. e4 c5 2. Nf3 e6 3. d4 cxd4 4. Nxd4 a6 5. Nc3 Qc7 6. Bd3 Bc5 7. Nb3 Be7 8.
Be3 d6 9. Qd2 Nf6 10. f3 b5 11. O-O-O O-O 12. g4 Nfd7 13. g5 Ne5 14. f4 Nxd3+
15. Qxd3 Nd7 16. a3 Bb7 17. f5 exf5 18. Rhf1 fxe4 19. Nxe4 Ne5 20. Qd4 Rac8 21.
c3 Rfe8 22. Bf4 Qc4 23. Na5 Qxd4 24. Rxd4 Bxe4 25. Rxe4 Bd8 26. Nb7 Nd3+ 27.
Kc2 Rxe4 28. Kxd3 Re6 29. Nxd6 Rc5 30. c4 bxc4+ 31. Kd4 Rc6 32. Nxc4 h6 33.
gxh6 gxh6 34. Kd5 Bc7 35. b4 Rxc4 0-1

[Event "II Open Internazionale"]
[Site "Lodi ITA"]
[Date "2006.06.06"]
[Round "3"]
[White "Castellanos Rodriguez, Renier"]
[Black "Peredy, Ferenc"]
[Result "1/2-1/2"]
[WhiteElo "2467"]
[BlackElo "2343"]
[PlyCount "43"]
[EventDate "2006.06.05"]

1. e4 e6 2. d4 d5 3. Nc3 dxe4 4. Nxe4 Nd7 5. Nf3 Ngf6 6. Nxf6+ Nxf6 7. c3 c5 8.
Be3 Qc7 9. Ne5 a6 10. Qa4+ Bd7 11. Nxd7 Qxd7 12. Qxd7+ Nxd7 13. g3 O-O-O 14.
Bg2 cxd4 15. Bxd4 e5 16. Be3 Bc5 17. Bg5 f6 18. Bc1 Nb6 19. a4 Nd5 20. Ke2 Rd6
21. Bd2 Rhd8 22. Be1 1/2-1/2

[Event "II Open Internazionale"]
[Site "Lodi ITA"]
[Date "2006.06.06"]
[Round "3"]
[White "Contin, Daniel"]
[Black "Drazic, Sinisa"]
[Result "0-1"]
[WhiteElo "2396"]
[BlackElo "2497"]
[PlyCount "72"]
[EventDate "2006.06.05"]

1. c4 e6 2. Nf3 Nf6 3. g3 a6 4. d3 b5 5. e4 d6 6. cxb5 axb5 7. Qb3 c6 8. Nc3
Nbd7 9. d4 b4 10. Qxb4 d5 11. Qb3 Nxe4 12. Nxe4 dxe4 13. Ng5 Rb8 14. Qc2 Bb4+
15. Kd1 Nf6 16. Bf4 Rb6 17. Kc1 O-O 18. Bg2 Nd5 19. Qxe4 g6 20. h4 Be7 21. Bd2
Rb5 22. Bf1 Nf6 23. Qc2 Rf5 24. f3 Qxd4 25. Bc3 Qe3+ 26. Qd2 Qc5 27. Bd3 Rd8
28. Qe2 Nd5 29. Ne4 Nxc3 30. bxc3 Qa3+ 31. Kc2 Qa4+ 32. Kc1 Rxd3 33. Qxd3 Rd5
34. Rd1 Ba6 35. Nf6+ Bxf6 36. Qc2 Qa3+ 0-1

[Event "II Open Internazionale"]
[Site "Lodi ITA"]
[Date "2006.06.06"]
[Round "3"]
[White "Lazic, Miroljub"]
[Black "Rrhioua, Tarik"]
[Result "1-0"]
[WhiteElo "2493"]
[BlackElo "2330"]
[PlyCount "57"]
[EventDate "2006.06.05"]

1. g3 Nf6 2. Bg2 g6 3. e4 d6 4. d4 Bg7 5. Nc3 O-O 6. Nge2 c6 7. a4 a5 8. h3 e5
9. O-O Na6 10. Be3 Qe7 11. Re1 Be6 12. b3 Nb4 13. f4 exf4 14. Nxf4 d5 15. e5
Nd7 16. Nxe6 fxe6 17. Ne2 c5 18. c3 Nc6 19. h4 cxd4 20. cxd4 Nb4 21. Bg5 Qe8
22. Bh3 Rf3 23. Rf1 Rd3 24. Qc1 Rc8 25. Bxe6+ Kh8 26. Bf7 Qf8 27. Qf4 h6 28. e6
hxg5 29. hxg5 1-0